Movies Quiz

Random Movies or Quote Quiz

Finish The Quote: First Wives Club Edition Quiz Stats

 Plays Quiz not verified by Sporcle

Challenge
Share
Tweet
Embed
Score 0/6 Timer 02:00
0 Plays Today
Quote Answer % Correct
Dad, I'm a lesbian... __ ____ ____a big one
94.9%
What's the matter, Morty? Can't you buy ___ __ ____ ____? her a whole dress?
72.9%
No, Sean Connery is Monique's boyfriend! He may be three hundred years old, but ___ ___ __ _____.he's still a stud
55.9%
Those lips - what's in 'em? ___ ____ ____?are they wax
55.9%
And right now, I want to be young, ______ _____ _____science fiction young
45.8%
We're sorta, well ___ ______.were seperated
42.4%

You're not logged in!

Compare scores with friends on all Sporcle quizzes.
Join for Free
OR
Log In

You Might Also Like...

Show Comments

Extras

Created Feb 28, 2012ReportNominate
Tags:Quote Quiz, club, edition, finish, wife

Top Quizzes Today


Score Distribution

Your Account Isn't Verified!

In order to create a playlist on Sporcle, you need to verify the email address you used during registration. Go to your Sporcle Settings to finish the process.

Report this User

Report this user for behavior that violates our Community Guidelines.

Details: